Statistiken für Top 15: Länder mit den meisten U-Bahn-Netzen

Klicken Sie hier um das Quiz zu spielen!

Allgemein

  • Dieses Quiz wurde 72 mal gespielt
  • Das Durchschnittsergebnis liegt bei 12 aus 15

Antwortstatistiken

AnzahlLand% Korrekt
4Deutschland
100%
40China
99%
7Spanien
99%
13USA
99%
6Frankreich
97%
9Japan
97%
10Russland
97%
7Italien
94%
16Indien
88%
9Brasilien
85%
6Südkorea
79%
4Türkei
62%
4Ukraine
59%
6Iran
46%
4Taiwan
34%

Verteilung der Resultate

Perzentil nach korrekt beantworteten Fragen

Anzahl Personen mit jedem Resultat

Ihre Resultats-Entwicklung

Sie haben dieses Quiz noch nicht gespielt